Every Winner Of The F1 United States Grand Prix - Statistics

General Stats
  • This quiz has been taken 15 times
  • The average score is 35 of 54
Answer Stats
Hint Answer % Correct
2007 Lewis Hamilton
100%
2012 Lewis Hamilton
100%
2014 Lewis Hamilton
100%
2015 Lewis Hamilton
100%
2016 Lewis Hamilton
100%
2017 Lewis Hamilton
100%
2021 Max Verstappen
100%
2022 Max Verstappen
100%
2023 Max Verstappen
100%
2000 Michael Schumacher
100%
2003 Michael Schumacher
100%
2004 Michael Schumacher
100%
2005 Michael Schumacher
100%
2006 Michael Schumacher
100%
2013 Sebastian Vettel
93%
1990 Ayrton Senna
86%
1991 Ayrton Senna
86%
2024 Charles Leclerc
86%
1968 Jackie Stewart
86%
1972 Jackie Stewart
86%
2001 Mika Hakkinen
86%
1970 Emerson Fittipaldi
79%
1976 James Hunt
79%
1977 James Hunt
79%
2018 Kimi Raikkonen
79%
2019 Valtteri Bottas
79%
1989 Alain Prost
71%
1963 Graham Hill
71%
1964 Graham Hill
71%
1965 Graham Hill
71%
1962 Jim Clark
71%
1966 Jim Clark
71%
1967 Jim Clark
71%
1969 Jochen Rindt
71%
1975 Niki Lauda
71%
2002 Rubens Barrichello
64%
1980 Alan Jones
57%
1960 Stirling Moss
57%
1974 Carlos Reutemann
43%
1978 Carlos Reutemann
43%
1979 Gilles Villeneuve
43%
1971 Francois Cevert
29%
1973 Ronnie Peterson
29%
1959 Bruce McLaren
21%
1961 Innes Ireland
14%
1912 Caleb Bragg
7%
1958 Chuck Daigh
7%
1915 Dario Resta
7%
1910 David Bruce-Brown
7%
1911 David Bruce-Brown
7%
1914 Eddie Pullen
7%
1916 Howdy Wilcox
7%
1916 Johnny Aitken
7%
1908 Louis Wagner
7%
No matching quizzes found
Score Distribution
Percent of People with Each Score
Percentile by Number Answered
Your Score History
You have not taken this quiz